Statistics for Taylor Swift - That's When Lyrics

Click here to take the quiz!

General Stats

  • This quiz has been taken 64 times
    (36 since last reset)
  • The average score is 264 of 304

Answer Stats

Answer% Correct
And
95%
and
95%
"I
95%
I
95%
That's
95%
that's
95%
the
95%
when
95%
When
95%
"When
95%
You
95%
you
95%
your
95%
at
90%
can
90%
face
90%
in
90%
morning
90%
said
90%
up
90%
wake
90%
baby
86%
be
86%
come
86%
crying
86%
front
86%
gate
86%
i'll
86%
I'll
86%
i'm
86%
it
86%
it's
86%
Laughing
86%
laughing
86%
sunny
86%
waiting
86%
back
81%
back?"
81%
did
81%
know"
81%
or
81%
see
81%
storming
81%
to
81%
was
81%
were
81%
Yeah
81%
go
76%
let
76%
of
76%
Then
76%
about
71%
all
71%
love
71%
made
71%
me?"
71%
me
71%
mistakes
71%
need
71%
saw
71%
some
71%
space
71%
think
71%
this"
71%
time
71%
woke
71%
wrong
71%
ever
67%
gone
67%
my
67%
put
67%
through
67%
hard
62%
harder
62%
hear
62%
"Honestly
62%
knew
62%
"Leave
62%
miss
62%
Mm
62%
mm
62%
our
62%
past"
62%
take
62%
want
62%
words
62%
those
57%
watched
57%
phone
52%
tears
52%
came
48%

Score Distribution

Percentile by Number Answered

Percent of People with Each Score

Your Score History

You have not taken this quiz since the last reset